Основы информационной теории идентификации

Dades bibliogràfiques
Autor principal: Цыпкин Я. З. Яков Залманович
Idioma:rus
Publicat: Москва, Наука, 1984
Matèries:
Format: Llibre
KOHA link:https://koha.lib.tpu.ru/cgi-bin/koha/opac-detail.pl?biblionumber=77764

MARC

LEADER 00000nam0a2200000 4500
001 77764
005 20231031093341.0
035 |a (RuTPU)RU\TPU\book\83366 
090 |a 77764 
100 |a 20050527d1984 k y0rusy50 ca 
101 0 |a rus 
102 |a RU 
105 |a a z 001zy 
200 1 |a Основы информационной теории идентификации  |f Я. З. Цыпкин 
210 |a Москва  |c Наука  |d 1984 
215 |a 320 с.  |c ил. 
320 |a Литература: с. 295-320 
610 1 |a кибернетика 
610 1 |a динамические объекты 
610 1 |a идентификация 
610 1 |a алгоритмы 
610 1 |a потери 
675 |a 681.51.015  |v 3 
700 1 |a Цыпкин  |b Я. З.  |g Яков Залманович 
801 1 |a RU  |b 63413507  |c 20050527  |g PSBO 
801 2 |a RU  |b 63413507  |c 20150618  |g PSBO 
942 |c BK